00921pab a2200145 454500008004000000100002200040245007900062260000900141300001300150362000800163520051300171650001800684650003100702773004200733180718b1999 xxu||||| |||| 00| 0 eng d aAmos-Wilson, P.M. aSome issues concerning women in senior management: a case study from Ghana c1999 ap.217-29 aAug aThis article considers issues concerning women's managerial careers in the Ghanaian Civil Service, which have emerged from an analysis of data collected in Accra as part of a Government of Ghana project supported by the United Kingdom Department for International Development. This examined the position and status of Women in Public Life in Ghana and was known as the WIPL project. Within this project information was collected from women civil servants, and it is this which is presented here. - Reproduced aCivil service aWomen in the civil service aPublic Administration and Development